01395cam a22003255a 45000010009000000050017000090080041000260100017000670200019000840200015001030400039001180820020001572450060001772600057002373000034002944900072003285000027004005000024004275040031004515200249004825900011007316500038007426500029007806510010008096530025008197000042008449420024008869990017009109520142009271666962420161222095036.0110228s2011 caua frb 001 0 eng d a 2011007300 a9781412996938  a1412996937 aDLCbengcDLCdDLCdDLCdEG-ScBUE 04222a333.72bGRE00aGreen culture :ban A-to-Z guide /cKevin Wehr, editor. aLos Angeles ;aLondon :bSage Publications,cc.2011. axxv, 558 p. :bill. ;c27 cm.0 aSage reference series on Green Society: toward a sustainable future aGlossary : p. 499-506. aIndex : p. 517-558. aBibliography : p. 507-512. a This initial volume in the SAGE Series on Green Society provides an overview of the social and environmental dimensions of our energy system, and the key organizations, policy tools, and technologies that can help shape a green-energy economy. aWessam 7aSustainable living.2BUEsh922976 0aEnvironmentalism.2BUEsh 2BUEsh bENGGENcDecember20161 aWehr, Kevin,‏ ‎d1972-‏ 941742 2ddce22k333.72 GRE c23690d23662 00102ddc40708BaccahaMAINbMAINc1STd2016-12-22ePurchaseg910.00l0o333.72 GREp000045285r2025-07-15 00:00:00v1138.00yREFERENCE